<?xml version="1.0" encoding="UTF-8"?>
<marc:record xmlns:marc="http://www.loc.gov/MARC21/slim">
   <marc:leader>00000nam a2200000 a 4500</marc:leader>
   <marc:datafield ind1="1" ind2=" " tag="100">
      <marc:subfield code="a">Ani, Friedrich</marc:subfield>
      <marc:subfield code="4">aut</marc:subfield>
      <marc:subfield code="e">Verfasser/-in</marc:subfield>
   </marc:datafield>
   <marc:datafield ind1=" " ind2=" " tag="653">
      <marc:subfield code="a">Deutsche(r)  Autor(in)</marc:subfield>
   </marc:datafield>
   <marc:datafield ind1="0" ind2="0" tag="245">
      <marc:subfield code="a">Nackter Mann, der brennt</marc:subfield>
   </marc:datafield>
   <marc:datafield ind1="0" ind2="0" tag="245">
      <marc:subfield code="c">Friedrich Ani</marc:subfield>
   </marc:datafield>
   <marc:datafield ind1=" " ind2="1" tag="264">
      <marc:subfield code="a">Berlin</marc:subfield>
      <marc:subfield code="b">Suhrkamp</marc:subfield>
      <marc:subfield code="c">2016</marc:subfield>
   </marc:datafield>
   <marc:datafield ind1="1" ind2=" " tag="520">
      <marc:subfield code="a">Im Alter von 14 Jahren flieht ein Junge aus dem süddeutschen Dorf Heiligsheim. Vierzig Jahre später kehrt er als Ludwig, "Luggi" Dragomir zurück: Alkohol, Drogen und alle gegen sich und die anderen ausgefochtenen Kriege in Berlin verhinderten nicht das ständige Wiederleben des Missbrauchs seiner Spielkameraden und seiner selbst durch die Honoratioren von Heiligsheim. Seit seiner Rückkehr verschwinden gleich mehrere ältere Herren, einige werden tot aufgefunden - ob durch Unfall oder Mord, das versucht Kommissarin Anna Darko herauszufinden. Dabei gerät auch Ludwig ins Visier. (Verlagstext)</marc:subfield>
   </marc:datafield>
   <marc:datafield ind1=" " ind2=" " tag="020">
      <marc:subfield code="a">9783518425428</marc:subfield>
      <marc:subfield code="9">9783518425428</marc:subfield>
   </marc:datafield>
   <marc:datafield ind1=" " ind2=" " tag="041">
      <marc:subfield code="a">ger</marc:subfield>
   </marc:datafield>
   <marc:datafield ind1=" " ind2=" " tag="300">
      <marc:subfield code="a">222 S.</marc:subfield>
   </marc:datafield>
</marc:record>
